| 000 | 00398nam a22001697a 4500 | ||
|---|---|---|---|
| 005 | 20160630111834.0 | ||
| 008 | 160630b xxu||||| |||| 00| 0 eng d | ||
| 020 | _a978-1-25-902956-1 | ||
| 041 | _aeng | ||
| 082 | _b19525 | ||
| 100 |
_aRao, P N _93281 |
||
| 245 | _aManufacturing technology | ||
| 260 |
_bMc graw Hill _c2014 |
||
| 300 | _a507 | ||
| 650 |
_aDiploma Engineering _9817 |
||
| 942 | _cBK | ||
| 999 |
_c4877 _d4875 |
||